Nový zákon o zájazdoch a rozvoj obchodu

Analýza vybraných ustanovení nového zákona z 15. mája 2018 o zájazdoch, spojených službách cestovného ruchu, niektorých podmienkach podnikania v cestovnom ruchu a o zmene a doplnení niektorých zákonov, ktorých účinnosť sa nadobúda od 1.1. 2019.

Salvato in:
Dettagli Bibliografici
Autore principale: Kropaj, Marián, 1983-
Natura: Capitolo di libro
Lingua:slovacco
Soggetti:
Tags: Aggiungi Tag
Nessun Tag, puoi essere il primo ad aggiungerne!!

MARC

LEADER 00000naa a2200000 4500
001 0250139
005 20240502074015.2
041 0 |a slo 
044 |a SK 
245 1 0 |a Nový zákon o zájazdoch a rozvoj obchodu  |c Marián Kropaj 
520 |a Analýza vybraných ustanovení nového zákona z 15. mája 2018 o zájazdoch, spojených službách cestovného ruchu, niektorých podmienkach podnikania v cestovnom ruchu a o zmene a doplnení niektorých zákonov, ktorých účinnosť sa nadobúda od 1.1. 2019. 
610 2 0 |a podnikanie 
610 2 0 |a ruch cestovný 
610 2 0 |a obchod 
610 2 0 |a turistika 
610 2 0 |a zákony 
610 2 0 |a Slovensko 
100 1 |a Kropaj, Marián, 1983-